[Event "Eurasia Cup op"]
[Site "Ekaterinburg"]
[Date "2019.08.05"]
[Round "5"]
[White "Unzhakov, Vladislav"]
[Black "Kuklin, Ivan Vl"]
[Result "1-0"]
[WhiteElo "1748"]
[BlackElo "1356"]
[PlyCount "107"]
[EventDate "2019.07.31"]
[EventType "swiss"]
[EventRounds "9"]
[EventCountry "RUS"]
[SourceTitle "CBM 191 Extra"]
[Source "ChessBase"]
[SourceDate "2019.09.30"]
[SourceVersion "1"]
[SourceVersionDate "2019.09.30"]
[SourceQuality "1"]

1. e4 c5 2. Nf3 Nc6 3. d4 cxd4 4. Nxd4 e6 5. Nc3 Bb4 6. Ndb5 d5 7. exd5 exd5 8. Qxd5 a6 9. Qxd8+ Kxd8 10. Na3 Nf6 11. Be3 Re8 12. 0-0-0+ Ke7 13. Ncb1 Be6 14. Bc4 Kf8 15. c3 Ba5 16. Rhe1 Kg8 17. f3 Rac8 18. Bxe6 Rxe6 19. Nc4 Bc7 20. g3 b5 21. Ncd2 Ne5 22. Kc2 Nd5 23. Bd4 Rce8 24. Bxe5 Rxe5 25. Rxe5 Rxe5 26. Kd3 Bb6 27. Nf1 Ne3 28. Re1 Rd5+ 29. Ke2 Nc4 30. b3 Re5+ 31. Kd1 Nb2+ 32. Kd2 Rxe1 33. Kxe1 Nd3+ 34. Ke2 Nc1+ 35. Kd2 Nxa2 36. Ne3 Bxe3+ 37. Kxe3 Nc1 38. b4 Nb3 39. Na3 Kf8 40. Kd3 a5 41. Nxb5 axb4 42. cxb4 Nc1+ 43. Kd2 Na2 44. Nd4 Nxb4 45. h4 Ke7 46. Ke3 Nd5+ 47. Ke4 Nf6+ 48. Ke5 Nd7+ 49. Kf5 h6 50. h5 Kd6 51. f4 Nb6 52. g4 Nd5 53. g5 Ne3+ 54. Ke4 1-0

[Event "Eurasia Cup op"]
[Site "Ekaterinburg"]
[Date "2019.08.02"]
[Round "3"]
[White "Gutkovich, Polina"]
[Black "Kuklin, Ivan Vl"]
[Result "1-0"]
[WhiteElo "1983"]
[BlackElo "1356"]
[PlyCount "77"]
[EventDate "2019.07.31"]
[EventType "swiss"]
[EventRounds "9"]
[EventCountry "RUS"]
[SourceTitle "CBM 191 Extra"]
[Source "ChessBase"]
[SourceDate "2019.09.30"]
[SourceVersion "1"]
[SourceVersionDate "2019.09.30"]
[SourceQuality "1"]

1. d4 Nf6 2. c4 g6 3. Nc3 Bg7 4. Nf3 d6 5. Bg5 h6 6. Bh4 0-0 7. e3 c5 8. Be2 Qb6 9. Qd2 Bf5 10. h3 Nc6 11. 0-0 Rfe8 12. d5 Nb4 13. a3 Nc2 14. Rac1 Qxb2 15. Ne1 Qxa3 16. Nxc2 Qa5 17. Ra1 Qd8 18. Bd3 Bd7 19. Rfb1 b6 20. Ra3 g5 21. Bg3 Nh5 22. Bh2 Qc8 23. Qe2 Nf6 24. e4 e5 25. dxe6 Rxe6 26. Nd5 Nxd5 27. cxd5 Rf6 28. e5 dxe5 29. Bxe5 Qe8 30. Bxf6 Qxe2 31. Bxe2 Bxf6 32. Ne3 Bd8 33. Ba6 f5 34. Bb7 Rb8 35. Rxa7 h5 36. Bc6 Bc8 37. Nc4 Kf8 38. Re1 Be7 39. Rexe7 1-0